ბათუმის შოთა რუსთაველის სახელმწიფო უნივერსიტეტის ბიბლიოთეკა

Сооружение магистральних трубопроводов. (ბიბ.ჩანაწერი № 37317)

000 -LEADER
fixed length control field 00607nam a2200205Ia 4500
001 - CONTROL NUMBER
control field 3276
003 - CONTROL NUMBER IDENTIFIER
control field GE_BSU
008 - FIXED-LENGTH DATA ELEMENTS--GENERAL INFORMATION
fixed length control field 181216s||||||||xx |||||||||||||| ||und||
040 ## - CATALOGING SOURCE
Transcribing agency GE_BSU
080 ## - UNIVERSAL DECIMAL CLASSIFICATION NUMBER
Universal Decimal Classification number 621.643.002(075.8)
100 ## - MAIN ENTRY--PERSONAL NAME
Personal name Бородавкин,П.П. Березин,В.Л.
245 ## - TITLE STATEMENT
Title Сооружение магистральних трубопроводов.
245 ## - TITLE STATEMENT
Remainder of title Учебник.
260 ## - PUBLICATION, DISTRIBUTION, ETC.
Place of publication, distribution, etc. М.
260 ## - PUBLICATION, DISTRIBUTION, ETC.
Name of publisher, distributor, etc. Недра.
260 ## - PUBLICATION, DISTRIBUTION, ETC.
Date of publication, distribution, etc. 1977.
300 ## - PHYSICAL DESCRIPTION
Extent 407стр.26см.
653 ## - INDEX TERM--UNCONTROLLED
Uncontrolled term Сооружение магистральних трубопроводов.
942 ## - ADDED ENTRY ELEMENTS (KOHA)
Koha item type წიგნი
ეგზემპლარები
Withdrawn status Lost status Damaged status Not for loan Date acquired Barcode Date last seen Price effective from Koha item type
        2018-12-17 8670 2018-12-17 2018-12-17 წიგნი